[Event "Olympiad-44"]
[Site "Chennai"]
[Date "2022.07.30"]
[Round "2.2"]
[White "Rocha, Maximiliano"]
[Black "Drayton, Anthony"]
[Result "1-0"]
[WhiteElo "2117"]
[BlackElo "1928"]
[PlyCount "83"]
[EventDate "2022.07.29"]
[EventType "team-swiss"]
[EventRounds "11"]
[EventCountry "IND"]
[SourceTitle "CBM 210"]
[Source "ChessBase"]
[SourceDate "2022.10.31"]
[SourceVersion "1"]
[SourceVersionDate "2022.10.31"]
[SourceQuality "1"]
[WhiteTeam "Nicaragua"]
[BlackTeam "Guyana"]
[WhiteTeamCountry "NCA"]
[BlackTeamCountry "GUY"]

1. e4 e6 2. d4 d5 3. Nd2 Nf6 4. Bd3 c5 5. e5 Nfd7 6. c3 Nc6 7. Ndf3 Qb6 8. Ne2 cxd4 9. cxd4 f5 10. exf6 Nxf6 11. 0-0 Bd6 12. a3 0-0 13. Nc3 Bd7 14. Bg5 Rac8 15. h3 Bb8 16. Re1 a6 17. Rc1 Qxb2 18. Bxf6 Rxf6 19. Na4 Qxa3 20. Nc5 Be8 21. Ra1 Qc3 22. Re3 Qb4 23. Bxh7+ Kxh7 24. Rb3 Qc4 25. Rc1 Nxd4 26. Rxc4 dxc4 27. Ng5+ Kg8 28. Rc3 Rxc5 29. Qxd4 Rxg5 30. Qd8 Kf7 31. Qxb8 Bc6 32. g4 Rd5 33. Rxc4 Rd1+ 34. Kh2 g5 35. f4 gxf4 36. Rxf4 Rd2+ 37. Kg3 Rd3+ 38. Kh4 Rxf4 39. Qxf4+ Ke7 40. g5 Bg2 41. Qf6+ Kd6 42. Qd8+ 1-0

[Event "GUY-ch"]
[Site "Providence"]
[Date "2022.05.22"]
[Round "3"]
[White "Drayton, Anthony"]
[Black "Tiwari, Errol"]
[Result "1-0"]
[WhiteElo "1950"]
[BlackElo "1485"]
[PlyCount "91"]
[EventDate "2022.05.21"]
[EventType "tourn"]
[EventRounds "9"]
[EventCountry "GUY"]
[SourceTitle "EXT 2023"]
[Source "ChessBase"]
[SourceDate "2022.10.05"]
[SourceVersion "1"]
[SourceVersionDate "2022.10.05"]
[SourceQuality "1"]

1. e4 c5 2. Nf3 Nc6 3. d4 cxd4 4. Nxd4 Nf6 5. Nc3 a6 6. Be3 d6 7. Be2 e6 8. 0-0 Be7 9. f4 0-0 10. Qe1 Bd7 11. Rd1 Qc7 12. Qg3 Nxd4 13. Bxd4 Bc6 14. e5 Ne8 15. f5 exf5 16. Rxf5 Rd8 17. Rh5 dxe5 18. Bxe5 Rxd1+ 19. Bxd1 Bd6 20. Bxd6 Qxd6 21. Qxd6 Nxd6 22. Nd5 Re8 23. Bf3 Nc4 24. b3 Ne5 25. Kf2 Nxf3 26. gxf3 Re6 27. c4 h6 28. Nf4 Rd6 29. Re5 Rd2+ 30. Re2 Rxe2+ 31. Nxe2 Kf8 32. Ke3 g5 33. f4 Ke7 34. Ng3 Kf6 35. a4 Bd7 36. Ne4+ Kg6 37. a5 f5 38. Nd6 Bc6 39. b4 g4 40. b5 axb5 41. cxb5 Bh1 42. Kf2 h5 43. Kg3 Bd5 44. Kh4 Kh6 45. Nxf5+ Kh7 46. Kxh5 1-0

[Event "Olympiad-43"]
[Site "Batumi"]
[Date "2018.10.02"]
[Round "8.1"]
[White "Drayton, Anthony"]
[Black "Mdoe, Yusuf"]
[Result "1-0"]
[WhiteElo "2024"]
[BlackElo "1771"]
[PlyCount "48"]
[EventDate "2018.09.24"]
[EventType "team-swiss"]
[EventRounds "11"]
[EventCountry "GEO"]
[SourceTitle "CBM 187"]
[Source "ChessBase"]
[SourceDate "2018.12.11"]
[SourceVersion "1"]
[SourceVersionDate "2018.12.11"]
[SourceQuality "1"]
[WhiteTeam "Guyana"]
[BlackTeam "Tanzania"]
[WhiteTeamCountry "GUY"]
[BlackTeamCountry "TAN"]

1. e4 e5 2. Nf3 Nc6 3. Bc4 Bc5 4. c3 Nf6 5. 0-0 0-0 6. d4 exd4 7. cxd4 Be7 8. e5 Ne8 9. d5 Na5 10. Bd3 b6 11. a3 Nb7 12. b4 a5 13. Qc2 g6 14. Bh6 Ng7 15. Nc3 axb4 16. axb4 Rxa1 17. Rxa1 Bxb4 18. Ne4 Na5 19. Bg5 Be7 20. Bxe7 Qxe7 21. Nf6+ Kh8 22. Qc1 d6 23. Qh6 Qxf6 24. exf6 Ne8 1-0

[Event "Olympiad-43"]
[Site "Batumi"]
[Date "2018.09.27"]
[Round "4.66"]
[White "Bai, Adelard"]
[Black "Drayton, Anthony"]
[Result "1-0"]
[WhiteElo "2111"]
[BlackElo "2024"]
[PlyCount "91"]
[EventDate "2018.09.24"]
[EventType "team-swiss"]
[EventRounds "11"]
[EventCountry "GEO"]
[SourceTitle "CBM 187"]
[Source "ChessBase"]
[SourceDate "2018.12.11"]
[SourceVersion "1"]
[SourceVersionDate "2018.12.11"]
[SourceQuality "1"]
[WhiteTeam "Chinese Taipei"]
[BlackTeam "Guyana"]
[WhiteTeamCountry "TPE"]
[BlackTeamCountry "GUY"]

1. d4 d5 2. c4 c6 3. cxd5 cxd5 4. Bf4 Nc6 5. Nc3 Bf5 6. e3 e6 7. Qb3 Bb4 8. a3 Bxc3+ 9. bxc3 Qa5 10. Nf3 Nge7 11. Be2 0-0 12. 0-0 Qb6 13. Qxb6 axb6 14. Nh4 Ng6 15. Nxf5 Nxf4 16. exf4 exf5 17. Rfb1 g6 18. Rxb6 Rfe8 19. Bf3 Rxa3 20. Rab1 Re7 21. Bxd5 Rxc3 22. g3 Nxd4 23. h4 h5 24. Rxg6+ Kh7 25. Rgb6 Rd3 26. Rxb7 Rxb7 27. Bxb7 Rb3 28. Rxb3 Nxb3 29. Bd5 Nc5 30. Bxf7 Kh6 31. Kf1 Ne4 32. Ke2 Nd6 33. Bd5 Kg6 34. Kd3 Kf6 35. Kd4 Nb5+ 36. Kc5 Nc7 37. Bf3 Kg6 38. Kd6 Ne8+ 39. Ke5 Nf6 40. Ke6 Ng8 41. Bg2 Nh6 42. Bh3 Nf7 43. Bxf5+ Kg7 44. Ke7 Nh8 45. f3 Nf7 46. Bd7 1-0

[Event "Olympiad-42"]
[Site "Baku"]
[Date "2016.09.02"]
[Round "1.1"]
[White "Drayton, Anthony"]
[Black "Nedev, Trajce"]
[Result "0-1"]
[WhiteElo "1923"]
[BlackElo "2484"]
[PlyCount "110"]
[EventDate "2016.09.02"]
[EventType "team-swiss"]
[EventRounds "11"]
[EventCountry "AZE"]
[SourceTitle "CBM 175"]
[Source "ChessBase"]
[SourceDate "2016.11.10"]
[SourceVersion "1"]
[SourceVersionDate "2016.11.10"]
[SourceQuality "1"]
[WhiteTeam "Guyana"]
[BlackTeam "Macedonia"]
[WhiteTeamCountry "GUY"]
[BlackTeamCountry "MKD"]

1. d4 Nf6 2. c4 g6 3. g3 Bg7 4. Bg2 0-0 5. Nc3 d6 6. e4 c5 7. dxc5 dxc5 8. Qxd8 Rxd8 9. e5 Ng4 10. Nd5 Nc6 11. f4 f6 12. h3 Nh6 13. exf6 exf6 14. Be3 Nf5 15. Bf2 Re8+ 16. Kf1 Rb8 17. Ne2 Nfd4 18. Nxd4 Nxd4 19. Bxd4 cxd4 20. Rd1 f5 21. b3 Bd7 22. Nb4 a5 23. Nd3 b5 24. Nc5 Bc8 25. Bc6 Re3 26. cxb5 Rxg3 27. Kf2 Rc3 28. Rc1 Bf8 29. Rxc3 dxc3 30. Na4 Bd6 31. Nxc3 Bxf4 32. Rd1 Be6 33. Bd5 Kf7 34. a4 Be5 35. Rd3 g5 36. Ne2 Rc8 37. Bc6 h5 38. Ke3 Kf6 39. Nc3 f4+ 40. Kf2 g4 41. hxg4 hxg4 42. Nd5+ Kg5 43. Nb6 Rh8 44. Nc4 Bc7 45. Nd2 Bb6+ 46. Kg2 f3+ 47. Bxf3 gxf3+ 48. Nxf3+ Kf4 49. Kf1 Bf5 50. Rc3 Rh3 51. Ke2 Be4 52. Rc8 Bxf3+ 53. Kd2 Be4 54. Rf8+ Bf5 55. Rb8 Rh2+ 0-1

[Event "Olympiad-41"]
[Site "Tromsoe"]
[Date "2014.08.12"]
[Round "10.1"]
[White "Asefi, Zaheeruddeen"]
[Black "Drayton, Anthony"]
[Result "1-0"]
[WhiteElo "1996"]
[BlackElo "1828"]
[PlyCount "113"]
[EventDate "2014.08.02"]
[EventType "team-swiss"]
[EventRounds "11"]
[EventCountry "NOR"]
[SourceTitle "CBM 162"]
[Source "ChessBase"]
[SourceDate "2014.09.17"]
[SourceVersion "1"]
[SourceVersionDate "2014.09.17"]
[SourceQuality "1"]
[WhiteTeam "Afghanistan"]
[BlackTeam "Guyana"]
[WhiteTeamCountry "AFG"]
[BlackTeamCountry "GUY"]

1. d4 d5 2. c4 e6 3. Nc3 Nf6 4. Nf3 Be7 5. Bf4 c6 6. e3 0-0 7. Rc1 h6 8. Bd3 dxc4 9. Bxc4 b5 10. Bb3 Nbd7 11. 0-0 a6 12. Nd2 Bb7 13. Qf3 Qb6 14. Qh3 c5 15. Nf3 cxd4 16. Nxd4 Nc5 17. Bc2 b4 18. Na4 Nxa4 19. Bxa4 Rfc8 20. Rxc8+ Rxc8 21. Bb3 Bd5 22. Be5 Bxb3 23. Nxb3 Nh7 24. Bd4 Qb5 25. Qf3 Ng5 26. Qg4 Qf5 27. Qxf5 exf5 28. Rc1 Rxc1+ 29. Nxc1 Ne6 30. Bb6 f4 31. Nd3 fxe3 32. fxe3 Kf8 33. Kf2 Bd6 34. h3 Ke7 35. b3 Kd7 36. Ba5 Nc5 37. Nxb4 Ne4+ 38. Ke2 Bxb4 39. Bxb4 g6 40. Kd3 f5 41. Bf8 h5 42. Kc4 Kc6 43. b4 Nf6 44. a4 Nd7 45. b5+ axb5+ 46. axb5+ Kc7 47. Bc5 g5 48. Kd5 Nf6+ 49. Ke6 Ne4 50. Bd4 g4 51. h4 Kd8 52. b6 Kc8 53. Kxf5 Nd6+ 54. Kg6 Kd7 55. Kxh5 Ke6 56. Kxg4 Kf7 57. h5 1-0